[Event "HUN-ch Rapid 2019"]
[Site "Ajka"]
[Date "2019.07.20"]
[Round "9.9"]
[White "Horvath, Tamas"]
[Black "Medvegy, Zoltan"]
[Result "1/2-1/2"]
[WhiteElo "2306"]
[BlackElo "2539"]
[Annotator "ChessBase"]
[PlyCount "77"]
[EventDate "2019.07.18"]
[EventType "swiss"]
[EventCountry "HUN"]
[SourceTitle "playchess.com"]
[Source "ChessBase"]
[SourceQuality "1"]
[TimeControl "1200+5"]

1. e4 c5 2. Nf3 Nf6 3. e5 Nd5 4. Nc3 Nxc3 5. dxc3 Nc6 6. Bf4 Qc7 7. Qd2 e6 8. Bd3 h6 9. h4 a6 10. Be4 b5 11. Qe3 Bb7 12. a4 d5 13. exd6 Bxd6 14. Bxd6 Qxd6 15. Rd1 Qe7 16. Rh3 O-O 17. Rg3 Kh8 18. Bxc6 Bxc6 19. Ne5 Be8 20. Qf4 f6 21. Ng4 bxa4 22. Rgd3 Ra7 23. Rd6 Bh5 24. R1d2 Bxg4 25. Qxg4 a3 26. bxa3 f5 27. Qc4 f4 28. Qxe6 Qxh4 29. Qh3 Qe7+ 30. Re6 Qf7 31. Rdd6 Re7 32. Kf1 Rxe6 33. Qxe6 Qxe6 34. Rxe6 Rb8 35. Rxa6 Rb2 36. Rc6 Rxc2 37. Rxc5 Ra2 38. Rc4 Rxa3 39. Rxf4 1/2-1/2

[Event "HUN-ch Rapid 2019"]
[Site "Ajka"]
[Date "2019.07.20"]
[Round "9.10"]
[White "Marosi, Levente"]
[Black "Videki, Sandor"]
[Result "0-1"]
[WhiteElo "2225"]
[BlackElo "2401"]
[Annotator "NA"]
[PlyCount "74"]
[EventDate "2019.07.18"]
[EventType "swiss"]
[EventCountry "HUN"]
[SourceTitle "playchess.com"]
[Source "ChessBase"]
[SourceQuality "1"]
[TimeControl "1200+5"]

1. e4 {[%emt 0:00:02]} c5 {[%emt 0:00:07]} 2. Nf3 {[%emt 0:00:02]} Nc6 {[%emt 0:00:01]} 3. g3 {[%emt 0:00:15]} g6 {[%emt 0:00:14]} 4. Bg2 {[%emt 0:00:13]} Bg7 {[%emt 0:00:01]} 5. O-O {[%emt 0:00:03]} e5 {[%emt 0:00:49]} 6. c3 {[%emt 0:00:13]} Nge7 {[%emt 0:00:03]} 7. Na3 {[%emt 0:00:36]} O-O {[%emt 0:00:11]} 8. d3 {[%emt 0:00:38]} d5 {[%emt 0:00:16]} 9. exd5 {[%emt 0:00:19]} Nxd5 {[%emt 0:00:03]} 10. Re1 {[%emt 0:00:03]} Re8 {[%emt 0:00:39]} 11. Nc4 {[%emt 0:00:11]} h6 {[%emt 0:01:03]} 12. a4 {[%emt 0:00:21]} Bf5 {[%emt 0:00:49]} 13. h3 {[%emt 0:03:10]} Nb6 {[%emt 0:00:42]} 14. Nxb6 {[%emt 0:03:01]} Qxb6 {[%emt 0:00:50]} 15. g4 {[%emt 0:00:30]} Be6 {[%emt 0:00:11]} 16. Nd2 {[%emt 0:00:03]} Rad8 {[%emt 0:00:10]} 17. Qc2 {[%emt 0:00:22]} Na5 {[%emt 0:00:35]} 18. Ra3 {[%emt 0:01:39]} Rd7 {[%emt 0:01:02]} 19. Bf1 {[%emt 0:00:14]} Qd8 {[%emt 0:00:19]} 20. Nc4 {[%emt 0:01:12]} Nxc4 {[%emt 0:00:27]} 21. dxc4 {[%emt 0:00:01]} f5 {[%emt 0:00:06]} 22. Ra1 {[%emt 0:02:20]} Kh7 {[%emt 0:00:53]} 23. Be3 {[%emt 0:02:31]} fxg4 {[%emt 0:00:21]} 24. Rad1 {[%emt 0:00:16]} Bf5 {[%emt 0:01:34]} 25. Qb3 {[%emt 0:00:20]} gxh3 {[%emt 0:00:04]} 26. Rxd7 {[%emt 0:00:44]} Qxd7 {[%emt 0:00:05]} 27. Rd1 {[%emt 0:00:06]} Qe7 {[%emt 0:01:11]} 28. Kh2 {[%emt 0:00:58]} e4 {[%emt 0:00:24]} 29. Be2 {[%emt 0:00:07]} Be5+ {[%emt 0:00:11]} 30. Kh1 {[%emt 0:00:01]} Bb8 {[%emt 0:00:46]} 31. Rg1 {[%emt 0:01:04]} Rd8 {[%emt 0:00:52]} 32. Qb5 {[%emt 0:00:17]} b6 {[%emt 0:00:07]} 33. a5 {[%emt 0:00:36]} Rd3 {[%emt 0:01:28]} 34. axb6 {[%emt 0:00:13]} axb6 {[%emt 0:00:22]} 35. Qxb6 {[%emt 0:00:03]} Qe5 {[%emt 0:00:28]} 36. Rg3 {[%emt 0:00:07]} Rxe3 {[%emt 0:00:18]} 37. Qb7+ {[%emt 0:00:01]} Bc7 {[%emt 0:00:02]} 0-1

[Event "HUN-ch Rapid 2019"]
[Site "Ajka"]
[Date "2019.07.20"]
[Round "9.11"]
[White "Varga, Peter"]
[Black "Emodi, Barnabas"]
[Result "0-1"]
[WhiteElo "2367"]
[BlackElo "2365"]
[Annotator "TA"]
[PlyCount "144"]
[EventDate "2019.07.18"]
[EventType "swiss"]
[EventCountry "HUN"]
[SourceTitle "playchess.com"]
[Source "ChessBase"]
[SourceQuality "1"]

{[%evp 21,144,-27,-27,-29,-8,-11,0,0,-12,-18,-18,-18,-11,-65,-48,-64,-70,-67,-64,-54,-59,-65,-29,-41,20,12,0,0,0,0,0,-18,0,-59,-35,-26,-24,-119,-82,-114,15,-48,43,35,35,-76,-79,-213,-252,-237,-237,-229,0,-132,0,-140,0,-175,-160,-144,-92,-452,-145,-145,-145,-609,-605,-5704,-5670,-5634,-5616,-29975,-29976,-29978,-29979,-29978,-29957,-29945,-29946,-29982,-11354,-29983,-12796,-9679,-9249,-6560,-5397,-5180,-4445,-5825,-4141,-4134,-4134,-9679,-6711,-5453,-5728,-4820,-2456,-1718,-1265,-1188,-1068,-1658,-1596,-29968,-29968,-29977,-29978,-29975,-29970,-29984,-29985,-29985,-29986,-29992,-29983,-29989,-29988,-29988,-29989,-29993,-29991,-29995,-29996]} 1. Nf3 Nf6 2. g3 d5 3. Bg2 c6 4. O-O Bg4 5. d3 Nbd7 6. b3 e5 7. Bb2 Bd6 8. Nbd2 O-O 9. e4 a5 10. a3 Re8 11. h3 Bh5 12. Qe1 {A07: Réti Opening: New York and Capablanca Systems} dxe4 13. dxe4 b5 14. Nh4 {The position is equal.} a4 15. b4 c5 16. Nf5 $146 ({Predecessor:} 16. c3 c4 {½-½ (30) Das,A (2392)-Giri,A (2518) Zuerich 2009}) 16... Bf8 17. bxc5 (17. c3 $11) 17... Nxc5 18. Qe3 Rc8 19. Rac1 Qd7 20. g4 Bg6 21. Rfd1 Qb7 22. Bc3 Ncd7 (22... Na6 $15) 23. Bb4 $1 $11 {[%cal Rb4f8]} Bxb4 24. axb4 Bxf5 25. exf5 e4 $1 26. Qd4 {And now g5 would win.} Rcd8 27. Nb1 (27. g5 $11) 27... Qb8 28. Qd6 $1 {[%cal Rd6b8]} Qc8 29. Qg3 (29. Na3 $1 $11 {keeps the balance.}) 29... h6 $36 {[%mdl 2048] Black is on the roll.} 30. Na3 e3 (30... Ne5 $1 $17 31. Rxd8 Qxd8) 31. fxe3 (31. Nxb5 $11 Ne5 32. Qxe3) 31... Qc3 (31... Nb6 $15) 32. Nxb5 $14 Qxb4 33. Nc7 (33. Nd6 $1 $14 {stays ahead.}) 33... Re5 $1 $17 {Hoping for ...Qc5.} 34. Qxe5 (34. Nd5 $17 Nxd5 35. Bxd5) 34... Nxe5 $19 35. Rxd8+ Kh7 {Threatens to win with ...Qc3.} 36. Nd5 Qa3 $2 ({Black should play} 36... Nxd5 $19 37. Rxd5 a3) 37. Nxf6+ $1 $11 gxf6 38. Re1 (38. Rb1 $1 $11 {was the only way to keep the balance.} Qxe3+ 39. Kh1) 38... Qc3 (38... Qb2 $17 39. c4 Nxc4) 39. Rdd1 $2 (39. Rb1 $1 $11 {and White has nothing to worry.} Kg7 40. Rbb8 Qxe3+ 41. Kh2 Qf4+ 42. Kh1 Qc1+ {[%mdl 64] Double Attack} 43. Kh2 Qf4+ 44. Kh1 Qc1+ {[%mdl 64] Double Attack} 45. Kh2 Qf4+) 39... a3 $19 40. Ra1 a2 (40... Nc4 $142 41. Kf2 {[#]} Nxe3 $1 {[%mdl 512]} 42. Rxa3 Nxg4+ $1 {[%mdl 512]} 43. hxg4 Qxa3) 41. Kf1 $2 {[%mdl 8192]} (41. Kf2 $17 {is a better chance.}) 41... Nc4 $2 (41... Qxc2 $19 {has better winning chances. ...Nd3 is the strong threat.} 42. Re2 Qb1+ {[%mdl 64] Double Attack} 43. Re1 Qb2) 42. Rxa2 $17 {Threatening Kf2.} Nxe3+ {[%mdl 64] Double Attack} 43. Kf2 $2 {[%mdl 8192]} (43. Rxe3 $17 Qxe3 44. c3) 43... Nxg2 $19 {[%mdl 64] Discovered Attack} 44. Re2 Nf4 45. Re3 Nxh3+ 46. Kf3 Ng5+ 47. Kf2 Qd2+ 48. Re2 Qd4+ 49. Kf1 Nh3 {[%csl Gh3][%cal Rd4g1]} 50. Rh2 Qc4+ (50... Qd1+ $142 51. Kg2 Qxg4+ {[%mdl 64] Double Attack} 52. Kf1 Qg1+ 53. Ke2 Qxh2+ 54. Kd3 Nf4+ 55. Kc4 Qe2+ 56. Kb4 Nd5+ 57. Kc5 Qe5 58. Kc4 Ne3+ 59. Kb3 Qb5+ 60. Kc3 Qc4+ {[%mdl 64] Double Attack} 61. Kd2 Nf1+ 62. Ke1 Qxa2 63. Kf2 Qxc2+ 64. Kxf1 h5 65. Ke1 h4 66. Kf1 h3 67. Ke1 h2 68. Kf1 h1=Q#) 51. Kg2 Nf4+ (51... Qxg4+ $142 52. Kf1 Qg1+ 53. Ke2 Nf4+ 54. Kf3 Qxh2 55. Ra4 Nd5 56. c3 Qh3+ 57. Kf2 Qe3+ 58. Kg2 Qe2+ 59. Kg3 Ne3 60. Ra2 Nxf5+ 61. Kh3 Qxa2 62. c4 Qf2 63. Kg4 Qg3+ 64. Kxf5 Qf3#) 52. Kf3 Qxa2 53. Kxf4 {[%mdl 4096] Endgame KQ-KR} Qa3 54. Re2 Qc3 55. Rf2 Kg7 56. Re2 Kf8 57. Rf2 Ke7 58. Re2+ Kd6 59. Rf2 Qd4+ 60. Kf3 Kd5 61. Re2 Qc3+ 62. Kg2 Kd6 63. Rf2 Ke5 {Black mates.} 64. Kh2 Ke4 65. Kg2 Qe3 66. Rf1 Qe2+ {[%mdl 64] Double Attack} 67. Rf2 Qxg4+ 68. Kf1 h5 69. c4 Qd1+ 70. Kg2 Ke3 71. c5 Qd5+ 72. Kg3 {[#]} h4+ $1 {Accuracy: White = 30%, Black = 46%.} 0-1

[Event "HUN-ch Rapid 2019"]
[Site "Ajka"]
[Date "2019.07.20"]
[Round "9.12"]
[White "Csonka, Balazs"]
[Black "Bohus, Adam"]
[Result "0-1"]
[WhiteElo "2472"]
[BlackElo "2219"]
[Annotator "ChessBase"]
[PlyCount "160"]
[EventDate "2019.07.18"]
[EventType "swiss"]
[EventCountry "HUN"]
[SourceTitle "playchess.com"]
[Source "ChessBase"]
[SourceQuality "1"]
[TimeControl "1200+5"]

1. d4 {[%emt 0:00:01]} d5 {[%emt 0:00:02]} 2. c4 {[%emt 0:00:02]} dxc4 {[%emt 0:00:11]} 3. e4 {[%emt 0:00:13]} b5 {[%emt 0:00:46]} 4. a4 {[%emt 0:00:02]} c6 {[%emt 0:00:02]} 5. axb5 {[%emt 0:00:04]} cxb5 {[%emt 0:00:01]} 6. Nc3 {[%emt 0:00:06]} a6 {[%emt 0:00:02]} 7. Nxb5 {[%emt 0:00:04]} axb5 {[%emt 0:00:02]} 8. Rxa8 {[%emt 0:00:02]} Bb7 {[%emt 0:00:01]} 9. Ra1 {[%emt 0:00:10]} e6 {[%emt 0:00:06]} 10. Ne2 {[%emt 0:01:01]} Bxe4 {[%emt 0:03:13]} 11. Nc3 {[%emt 0:00:01]} Bb4 {[%emt 0:00:04]} 12. Qg4 {[%emt 0:05:45]} Nf6 {[%emt 0:04:51]} 13. Qg3 {[%emt 0:10:24]} Nc6 {[%emt 0:02:46]} 14. Be3 {[%emt 0:00:01]} Nxd4 {[%emt 0:03:34]} 15. Bxd4 {[%emt 0:00:05]} Qxd4 {[%emt 0:00:02]} 16. Qb8+ {[%emt 0:02:31]} Ke7 {[%emt 0:00:01]} 17. Ra7+ {[%emt 0:00:16]} Nd7 {[%emt 0:00:02]} 18. Rxd7+ {[%emt 0:00:08]} Qxd7 {[%emt 0:01:11]} 19. Qxh8 {[%emt 0:00:02]} Qd4 {[%emt 0:03:25]} 20. f3 {[%emt 0:00:01]} Qe3+ {[%emt 0:00:01]} 21. Kd1 {[%emt 0:00:03]} Qd4+ {[%emt 0:00:21]} 22. Ke1 {[%emt 0:00:09]} Qe3+ {[%emt 0:00:22]} 23. Kd1 {[%emt 0:00:01]} Bxf3+ {[%emt 0:00:25]} 24. gxf3 {[%emt 0:00:01]} Qxf3+ {[%emt 0:00:01]} 25. Ke1 {[%emt 0:00:10]} Qe4+ {[%emt 0:00:19]} 26. Kd2 {[%emt 0:00:33]} Qxh1 {[%emt 0:00:01]} 27. Be2 {[%emt 0:00:07]} Qa1 {[%emt 0:00:15]} 28. Kc2 {[%emt 0:00:09]} Bxc3 {[%emt 0:00:02]} 29. bxc3 {[%emt 0:00:01]} Qa2+ {[%emt 0:00:01]} 30. Kd1 {[%emt 0:00:01]} Qb1+ {[%emt 0:00:04]} 31. Kd2 {[%emt 0:00:01]} Qb2+ {[%emt 0:00:01]} 32. Kd1 {[%emt 0:00:00]} Qb1+ {[%emt 0:00:07]} 33. Kd2 {[%emt 0:00:01]} Qb2+ {[%emt 0:00:01]} 34. Kd1 {[%emt 0:00:01]} Qxc3 {[%emt 0:00:03]} 35. Qxh7 {[%emt 0:00:02]} Qd4+ {[%emt 0:00:07]} 36. Ke1 {[%emt 0:00:07]} b4 {[%emt 0:00:06]} 37. Qc2 {[%emt 0:00:20]} Qg1+ {[%emt 0:00:08]} 38. Bf1 {[%emt 0:00:11]} Qe3+ {[%emt 0:00:08]} 39. Be2 {[%emt 0:00:04]} c3 {[%emt 0:00:11]} 40. Qb3 {[%emt 0:00:12]} Qg1+ {[%emt 0:00:03]} 41. Bf1 {[%emt 0:00:02]} Qe3+ {[%emt 0:00:02]} 42. Be2 {[%emt 0:00:01]} Qc1+ {[%emt 0:00:03]} 43. Bd1 {[%emt 0:00:10]} Qd2+ {[%emt 0:00:03]} 44. Kf1 {[%emt 0:00:02]} Qd3+ {[%emt 0:00:07]} 45. Ke1 {[%emt 0:00:07]} Qe4+ {[%emt 0:00:03]} 46. Kf2 {[%emt 0:00:09]} f5 {[%emt 0:00:07]} 47. Bc2 {[%emt 0:00:04]} Qd4+ {[%emt 0:00:03]} 48. Ke2 {[%emt 0:00:06]} Qd2+ {[%emt 0:00:03]} 49. Kf1 {[%emt 0:00:00]} Qf4+ {[%emt 0:00:12]} 50. Ke1 {[%emt 0:00:06]} Qh4+ {[%emt 0:00:07]} 51. Kf1 {[%emt 0:00:05]} Qh3+ {[%emt 0:00:06]} 52. Ke1 {[%emt 0:00:08]} Qe3+ {[%emt 0:00:03]} 53. Kf1 {[%emt 0:00:01]} Qf4+ {[%emt 0:00:05]} 54. Ke1 {[%emt 0:00:04]} Kf6 {[%emt 0:00:03]} 55. h3 {[%emt 0:00:10]} Qe3+ {[%emt 0:00:04]} 56. Kf1 {[%emt 0:00:02]} Qxh3+ {[%emt 0:00:01]} 57. Kg1 {[%emt 0:00:01]} Qe3+ {[%emt 0:00:04]} 58. Kh1 {[%emt 0:00:06]} Qf3+ {[%emt 0:00:10]} 59. Kg1 {[%emt 0:00:00]} Qg4+ {[%emt 0:00:02]} 60. Kh2 {[%emt 0:00:06]} Qf4+ {[%emt 0:00:02]} 61. Kg1 {[%emt 0:00:02]} g5 {[%emt 0:00:02]} 62. Qa4 {[%emt 0:00:13]} Qd4+ {[%emt 0:00:05]} 63. Kg2 {[%emt 0:00:08]} g4 {[%emt 0:00:08]} 64. Bb3 {[%emt 0:00:00]} Qd2+ {[%emt 0:00:07]} 65. Kg3 {[%emt 0:00:08]} Kg5 {[%emt 0:00:10]} 66. Qa5 {[%emt 0:00:04]} Qf4+ {[%emt 0:00:09]} 67. Kg2 {[%emt 0:00:01]} Qf3+ {[%emt 0:00:02]} 68. Kg1 {[%emt 0:00:07]} Qe3+ {[%emt 0:00:02]} 69. Kg2 {[%emt 0:00:09]} Qd2+ {[%emt 0:00:04]} 70. Kg3 {[%emt 0:00:08]} Qd3+ {[%emt 0:00:09]} 71. Kg2 {[%emt 0:00:05]} c2 {[%emt 0:00:10]} 72. Bxc2 {[%emt 0:00:02]} Qxc2+ {[%emt 0:00:02]} 73. Kg1 {[%emt 0:00:06]} Qc1+ {[%emt 0:00:04]} 74. Kf2 {[%emt 0:00:02]} Qc2+ {[%emt 0:00:02]} 75. Ke1 {[%emt 0:00:06]} Qc3+ {[%emt 0:00:05]} 76. Kf2 {[%emt 0:00:01]} Qd4+ {[%emt 0:00:02]} 77. Ke2 {[%emt 0:00:09]} b3 {[%emt 0:00:09]} 78. Qa3 {[%emt 0:00:08]} Qe4+ {[%emt 0:00:05]} 79. Kf2 {[%emt 0:00:03]} Qc2+ {[%emt 0:00:03]} 80. Kg1 {[%emt 0:00:01]} Qb1+ {[%emt 0:00:03]} 0-1

[Event "HUN-ch Rapid 2019"]
[Site "Ajka"]
[Date "2019.07.20"]
[Round "9.13"]
[White "Farago, Ivan"]
[Black "Karacsonyi, Gellert"]
[Result "0-1"]
[WhiteElo "2350"]
[BlackElo "2315"]
[Annotator "NA"]
[PlyCount "94"]
[EventDate "2019.07.18"]
[EventType "swiss"]
[EventCountry "HUN"]
[SourceTitle "playchess.com"]
[Source "ChessBase"]
[SourceQuality "1"]
[TimeControl "1200+5"]

1. d4 {[%emt 0:00:01]} Nf6 {[%emt 0:00:01]} 2. c4 {[%emt 0:00:02]} e6 {[%emt 0:00:02]} 3. Nf3 {[%emt 0:00:03]} d5 {[%emt 0:00:01]} 4. Nc3 {[%emt 0:00:11]} Nbd7 {[%emt 0:00:02]} 5. cxd5 {[%emt 0:00:36]} exd5 {[%emt 0:00:03]} 6. Bg5 {[%emt 0:00:02]} c6 {[%emt 0:00:03]} 7. e3 {[%emt 0:00:10]} h6 {[%emt 0:00:01]} 8. Bh4 {[%emt 0:00:06]} g5 {[%emt 0:00:01]} 9. Bg3 {[%emt 0:00:00]} Nh5 {[%emt 0:00:01]} 10. Bd3 {[%emt 0:00:22]} Nxg3 {[%emt 0:00:02]} 11. hxg3 {[%emt 0:00:02]} Bg7 {[%emt 0:00:01]} 12. Qc2 {[%emt 0:00:18]} Nb6 {[%emt 0:00:19]} 13. Bf5 {[%emt 0:00:12]} Bxf5 {[%emt 0:00:15]} 14. Qxf5 {[%emt 0:00:02]} Qd7 {[%emt 0:00:03]} 15. Qxd7+ {[%emt 0:00:12]} Nxd7 {[%emt 0:00:12]} 16. g4 {[%emt 0:00:26]} O-O {[%emt 0:02:13]} 17. Ne2 {[%emt 0:02:16]} f5 {[%emt 0:01:08]} 18. gxf5 {[%emt 0:00:02]} Rxf5 {[%emt 0:00:02]} 19. Ng3 {[%emt 0:00:09]} Rf7 {[%emt 0:00:08]} 20. O-O {[%emt 0:00:19]} Rc8 {[%emt 0:00:51]} 21. Rac1 {[%emt 0:00:09]} Nb6 {[%emt 0:00:30]} 22. b3 {[%emt 0:00:22]} Kh7 {[%emt 0:01:04]} 23. Ne1 {[%emt 0:00:12]} Nd7 {[%emt 0:01:07]} 24. Nd3 {[%emt 0:00:02]} Kg6 {[%emt 0:00:19]} 25. f4 {[%emt 0:01:30]} Re8 {[%emt 0:03:27]} 26. Ne5+ {[%emt 0:00:10]} Nxe5 {[%emt 0:01:17]} 27. fxe5 {[%emt 0:00:01]} Rxf1+ {[%emt 0:00:21]} 28. Rxf1 {[%emt 0:00:07]} Rf8 {[%emt 0:00:01]} 29. Rc1 {[%emt 0:01:21]} h5 {[%emt 0:00:13]} 30. b4 {[%emt 0:00:39]} h4 {[%emt 0:00:27]} 31. Ne2 {[%emt 0:00:04]} Bh6 {[%emt 0:00:40]} 32. b5 {[%emt 0:00:37]} cxb5 {[%emt 0:00:49]} 33. Rc5 {[%emt 0:04:04]} g4 {[%emt 0:01:45]} 34. Nf4+ {[%emt 0:00:22]} Bxf4 {[%emt 0:00:01]} 35. exf4 {[%emt 0:00:01]} Rxf4 {[%emt 0:00:49]} 36. Rxd5 {[%emt 0:00:05]} g3 {[%emt 0:00:06]} 37. Rd6+ {[%emt 0:01:24]} Kf7 {[%emt 0:00:42]} 38. d5 {[%emt 0:00:24]} Rc4 {[%emt 0:00:46]} 39. Rf6+ {[%emt 0:00:26]} Ke8 {[%emt 0:00:17]} 40. Rf1 {[%emt 0:00:39]} Re4 {[%emt 0:00:17]} 41. e6 {[%emt 0:00:05]} Rd4 {[%emt 0:00:01]} 42. Re1 {[%emt 0:00:43]} Rxd5 {[%emt 0:00:03]} 43. Kf1 {[%emt 0:00:11]} Rf5+ {[%emt 0:00:06]} 44. Kg1 {[%emt 0:00:01]} Ke7 {[%emt 0:00:04]} 45. Re4 {[%emt 0:00:01]} Rc5 {[%emt 0:00:04]} 46. Kf1 {[%emt 0:00:09]} Rc1+ {[%emt 0:00:04]} 47. Ke2 {[%emt 0:00:01]} h3 {[%emt 0:00:01]} 0-1

[Event "HUN-ch Rapid 2019"]
[Site "Ajka"]
[Date "2019.07.20"]
[Round "9.14"]
[White "Jakab, Attila"]
[Black "Bodi, Tibor"]
[Result "1/2-1/2"]
[WhiteElo "2377"]
[BlackElo "2244"]
[Annotator "NA"]
[PlyCount "71"]
[EventDate "2019.07.18"]
[EventType "swiss"]
[EventCountry "HUN"]
[SourceTitle "playchess.com"]
[Source "ChessBase"]
[SourceQuality "1"]
[TimeControl "1200+5"]

1. d4 {[%emt 0:00:02]} Nf6 {[%emt 0:00:03]} 2. c4 {[%emt 0:00:03]} e6 {[%emt 0:00:00]} 3. Nc3 {[%emt 0:00:02]} d5 {[%emt 0:00:01]} 4. cxd5 {[%emt 0:00:04]} exd5 {[%emt 0:00:01]} 5. Bg5 {[%emt 0:00:03]} Be7 {[%emt 0:00:08]} 6. e3 {[%emt 0:00:03]} O-O {[%emt 0:00:06]} 7. Bd3 {[%emt 0:00:03]} h6 {[%emt 0:00:05]} 8. Bh4 {[%emt 0:00:03]} Nbd7 {[%emt 0:00:36]} 9. Nf3 {[%emt 0:00:11]} Re8 {[%emt 0:00:16]} 10. Qc2 {[%emt 0:00:07]} c6 {[%emt 0:00:08]} 11. O-O {[%emt 0:01:06]} Nh5 {[%emt 0:00:47]} 12. Bxe7 {[%emt 0:00:17]} Qxe7 {[%emt 0:00:13]} 13. Rab1 {[%emt 0:00:15]} Nhf6 {[%emt 0:01:17]} 14. b4 {[%emt 0:01:08]} a6 {[%emt 0:02:38]} 15. a4 {[%emt 0:00:13]} b5 {[%emt 0:00:27]} 16. Nd2 {[%emt 0:02:37]} Nb6 {[%emt 0:00:19]} 17. Nb3 {[%emt 0:00:14]} Qxb4 {[%emt 0:02:02]} 18. Nc5 {[%emt 0:00:32]} Qa5 {[%emt 0:00:08]} 19. Ra1 {[%emt 0:00:57]} Nxa4 {[%emt 0:01:00]} 20. N3xa4 {[%emt 0:00:08]} bxa4 {[%emt 0:00:02]} 21. Rxa4 {[%emt 0:00:11]} Qc7 {[%emt 0:00:18]} 22. Nxa6 {[%emt 0:01:06]} Bxa6 {[%emt 0:00:22]} 23. Rxa6 {[%emt 0:00:03]} Rxa6 {[%emt 0:00:20]} 24. Bxa6 {[%emt 0:00:01]} Qb6 {[%emt 0:01:37]} 25. Bd3 {[%emt 0:00:08]} Rb8 {[%emt 0:01:16]} 26. Rb1 {[%emt 0:00:30]} Qxb1+ {[%emt 0:00:12]} 27. Qxb1 {[%emt 0:00:02]} Rxb1+ {[%emt 0:00:01]} 28. Bxb1 {[%emt 0:00:02]} Kf8 {[%emt 0:00:02]} 29. f3 {[%emt 0:00:11]} Ke7 {[%emt 0:00:11]} 30. Kf2 {[%emt 0:00:02]} Nd7 {[%emt 0:00:22]} 31. f4 {[%emt 0:04:41]} Kd6 {[%emt 0:00:19]} 32. Kf3 {[%emt 0:00:06]} c5 {[%emt 0:00:27]} 33. dxc5+ {[%emt 0:00:02]} Kxc5 {[%emt 0:00:07]} 34. g4 {[%emt 0:00:54]} d4 {[%emt 0:00:25]} 35. exd4+ {[%emt 0:01:30]} Kxd4 {[%emt 0:00:03]} 36. h4 {[%emt 0:00:02]} 1/2-1/2